000 00823cam a2200241 4500
999 _c3710
_d3710
001 1342136
003 GBCCL
005 20241126110501.0
008 710311s1970 nyu 001 0 eng
010 _a 79131564
040 _aDLC
_cDLC
_dDLC
050 0 0 _aBS1430.4
_b.K4 1970
082 0 0 _a223.207
_bKEE
100 1 _aKeesecker, William F.
_97342
245 1 4 _aThe wisdom of the Psalms;
_bselections and expositions based on commentary by John Calvin
_c[by] William F. Keesecker.
260 _aNew York,
_bWorld Pub. Co.
_c[1970]
300 _a60 p.
_c21 cm.
490 0 _aWorld inspirational books
650 0 0 _aBible.
_vPsalms
_xDevotional literature.
_97535
700 1 _aCalvin, Jean,
_d1509-1564.
_tCommentarius in librum Psalmorum.
_97536
906 _a7
_bcbc
_corignew
_d2
_encip
_f19
_gy-gencatlg
942 _2ddc
_cBK
_01